| 000 -LEADER |
| fixed length control field |
00388cam a22001217a 4500 |
| 008 - FIXED-LENGTH DATA ELEMENTS--GENERAL INFORMATION |
| fixed length control field |
180718b1966 xxu||||| |||| 00| 0 eng d |
| 082 ## - DEWEY DECIMAL CLASSIFICATION NUMBER |
| Classification number |
Wx8 B814 |
| 100 ## - MAIN ENTRY--PERSONAL NAME |
| Personal name |
Brown, Robert T. |
| 245 ## - TITLE STATEMENT |
| Title |
Transport and the economic intergration of South America |
| Statement of responsibility, etc. |
by Robert T. Brown |
| 260 ## - PUBLICATION, DISTRIBUTION, ETC. |
| Place of publication, distribution, etc. |
Washington |
| Name of publisher, distributor, etc. |
Brookings institution |
| Date of publication, distribution, etc. |
1966 |
| 300 ## - PHYSICAL DESCRIPTION |
| Extent |
xiii,288p |
| 650 ## - SUBJECT ADDED ENTRY--TOPICAL TERM |
| Topical term or geographic name entry element |
Transportation-South-America. |